|
|
|
|
| LEADER |
00000nam a2200000Ii 4500 |
| 001 |
DIGEDICNSB0188 |
| 003 |
NyNyDIG |
| 008 |
221020s2016 sp o 000 0 spa d |
| 006 |
m o d |
| 007 |
cr ||||||||||| |
| 035 |
|
|
|a (OCoLC)1379456105
|
| 040 |
|
|
|a DGITA
|b eng
|e rda
|e pn
|c DGITA
|
| 043 |
|
|
|a e-sp---
|a e-hu---
|
| 020 |
|
|
|a 9788490695586
|q eBook
|
| 020 |
|
|
|z 9788466659871
|
| 050 |
1 |
4 |
|a D804.66.S36 ebook
|
| 100 |
1 |
|
|a Martín Alarcón, Julio,
|d 1977-
|e author.
|
| 245 |
1 |
3 |
|a El ángel de Budapest /
|c Julio Martín Alarcón.
|
| 264 |
|
1 |
|a Barcelona (España) :
|b Ediciones B,
|c [2016]
|
| 300 |
|
|
|a 1 online resource.
|
| 336 |
|
|
|a text
|b txt
|2 rdacontent
|
| 337 |
|
|
|a computer
|b c
|2 rdamedia
|
| 338 |
|
|
|a online resource
|b cr
|2 rdacarrier
|
| 347 |
|
|
|b EPUB
|
| 500 |
|
|
|a "La lista de Sanz Briz, el Oskar Schindler español. El diplomático español que salvó en cinco mil judíos del Holocausto."
|
| 588 |
0 |
|
|a Online resource; title from ePub title page (Digitalia, viewed October 20, 2022)
|
| 600 |
1 |
0 |
|a Sanz-Briz, Angel,
|d 1910-1980.
|
| 650 |
|
0 |
|a Righteous Gentiles in the Holocaust
|z Hungary
|z Budapest
|v Biography.
|
| 650 |
|
0 |
|a Diplomats
|z Spain
|v Biography.
|
| 650 |
|
0 |
|a Holocaust, Jewish (1939-1945)
|z Hungary
|z Budapest.
|
| 791 |
2 |
|
|a Digitalia (Firm),
|e distributor.
|
| 793 |
0 |
|
|g Digitalia eBook Collection:
|a Ediciones B
|
| 776 |
0 |
8 |
|i Print version:
|a Martín Alarcón, Julio, 1977-
|t Ángel de Budapest.
|b 1a edición.
|d Barcelona (España) : Ediciones B, [2016]
|z 9788466659871
|
| 856 |
4 |
0 |
|3 Digitalia Hispánica
|u https://www.digitaliapublishing.com/a/54355/
|
| 910 |
|
|
|a Premium collection: 2022
|